000 00412nam a2200145 a 4500
001 000029025
005 20200930055301.0
008 110413s199? dr 000 0 spa d
040 _aDO-SdBNP
_bspa
_cBNPHU
082 _axxxx
_bC397
245 0 0 _aCentro de enseƱanza "El Buen Pastor".
260 _aSanto Domingo :
_bCentro de enseƱanza "El Buen Pastor",
_c[199?].
300 _a16 p. ;
_c23 cm.
049 _aBNPD
999 _c28517
_d28517